Minecraft : (Registro nro. 4669)

Detalles MARC
000 -LEADER
fixed length control field 01167nam a2200289Ia 4500
003 - CONTROL NUMBER IDENTIFIER
control field OSt
005 - DATE AND TIME OF LATEST TRANSACTION
control field 20210107091246.0
008 - FIXED-LENGTH DATA ELEMENTS--GENERAL INFORMATION
fixed length control field 191128t2014 eu a gr 000 0 spa d
020 ## - INTERNATIONAL STANDARD BOOK NUMBER
International Standard Book Number 9780545685153
040 ## - CATALOGING SOURCE
Original cataloging agency CO-JMCR
Transcribing agency CO-JMCR
041 0# - LANGUAGE CODE
Language code of text/sound track or separate title eng
082 04 - DEWEY DECIMAL CLASSIFICATION NUMBER
Classification number 793.92 /
Item number N375m2
Edition number 23
100 1# - MAIN ENTRY--PERSONAL NAME
Personal name Needler, Matthew,
Relator term autor
9 (RLIN) 10368
245 10 - TITLE STATEMENT
Title Minecraft :
Remainder of title redstone handbook /
Statement of responsibility, etc. Matthew Needler ; Phil Southam ; ilustraciones de James Barker ; Theo Cordner ; Mojang AB
260 ## - PUBLICATION, DISTRIBUTION, ETC.
Place of publication, distribution, etc. New York, NY :
Name of publisher, distributor, etc. Scholasti,
Date of publication, distribution, etc. ©2014
300 ## - PHYSICAL DESCRIPTION
Extent 79 páginas :
Other physical details ilustraciones a color ;
Dimensions 19 cm.
490 0# - SERIES STATEMENT
Series statement Minecraft
505 0# - FORMATTED CONTENTS NOTE
Formatted contents note Welcome to redstone -- Redstone ore -- Redstone dust -- Redstone torch -- Redstone repeater -- Piston -- Sticky piston -- Power sources -- Lighting systems -- piston doors --
546 ## - LANGUAGE NOTE
Language note Texto en ingles
650 14 - SUBJECT ADDED ENTRY--TOPICAL TERM
Topical term or geographic name entry element Minecraft (Juego)
General subdivision manuales
9 (RLIN) 10369
650 14 - SUBJECT ADDED ENTRY--TOPICAL TERM
Topical term or geographic name entry element Literatura juvenil
General subdivision videojuegos
Form subdivision manuales
9 (RLIN) 10387
700 1# - ADDED ENTRY--PERSONAL NAME
Personal name Southam, Phil,
Relator term autor
9 (RLIN) 10371
700 1# - ADDED ENTRY--PERSONAL NAME
Personal name Barker, James,
Relator term ilustrador
9 (RLIN) 10372
700 1# - ADDED ENTRY--PERSONAL NAME
Personal name Cordner, Theo,
Relator term ilustrador
9 (RLIN) 10373
700 1# - ADDED ENTRY--PERSONAL NAME
Personal name AB, Moiang,
Relator term ilustrador
9 (RLIN) 10374
942 ## - ADDED ENTRY ELEMENTS (KOHA)
Source of classification or shelving scheme Dewey Decimal Classification
Koha item type Books
Existencias
Withdrawn status Lost status Source of classification or shelving scheme Damaged status Not for loan Collection code Home library Current library Date acquired Source of acquisition Total Checkouts Full call number Barcode Date last seen Date last checked out Copy number Koha item type
    Dewey Decimal Classification     Non-fiction Biblioteca Pública José María del Castillo y Rada Biblioteca Pública José María del Castillo y Rada 04/15/2018 Donación 22 793.92 / N375m2 201809660 03/20/2026 03/20/2026 Ej.1 Books